000 00939nam a2200301 a 4500
003 AR-BaBNM
005 20251128210941.0
008 082120s2002 ||||||||||||||000 | spa||
020 _a968-24-2599-9
040 _cAR-BaBNM
110 2 _aJoint Committe on Standards for Educational Evaluation
245 0 0 _aNormas de evaluación para programas, proyectos y material educativo
250 _a1ª ed.
260 _aMéxico, D.F.
_bTrillas
_c1997
300 _a174 p.
490 0 _aPraxis
500 _aContiene referencias bibliográficas, glosario e índice analítico
650 4 _aPROGRAMAS DE EDUCACION
650 4 _aEVALUACION DEL PROGRAMA
650 4 _aEVALUACION DE MATERIALES DIDACTICOS
650 4 _aNORMAS
650 4 _aCRITERIOS DE EVALUACION
653 _aEVALUACION EDUCATIVA
700 1 _aPiccone Ayala, Claudia
_etraductor
700 1 _aHuerta Ibarra, José
_erevisión
942 _cBK
998 _cRAQUEL
999 _c17601
_d17601